Gaming Quiz

Random Gaming or Board Games Quiz
Score 0/6 Timer 04:00
0 Plays Today
Year Title % Correct
2004Katamari Damacy
97.2%
2005We Love Katamari
95.2%
2007Beautiful Katamari
82.8%
2009Katamari Forever
80.7%
2005Me & My Katamari
64.8%
2008I Love Katamari
40.7%

You're not logged in!

Compare scores with friends on all Sporcle quizzes.
OR
Log In

Sporcle TV

Today on Sporcle TV


Watch our educational content, quiz creation guides, and fun videos on Sporcle TV.

Show Comments

Extras

Created Oct 1, 2009ReportNominate
Tags:Board Games Quiz, platform

Top Quizzes Today


Score Distribution

Paid Content

Your Account Isn't Verified!

In order to create a playlist on Sporcle, you need to verify the email address you used during registration. Go to your Sporcle Settings to finish the process.

Report this User

Report this user for behavior that violates our Community Guidelines.

Details: